LDR 01057naa#a2200205#i#450# 001 RU\\bibl\121253 005 20260502082223.6 011 ## _a1994-4683 100 ## _a20230803b2023####ek#y0rusy0150####ca 102 ## _aRU 200 1# _aМЕТОДИКА ТРЕНИРОВКИ ЭЛЕМЕНТОВ ПОЛОСЫ ПРЕПЯТСТВИЙ С УЧЕТОМ УРОВНЕЙ ФИЗИЧЕСКОГО СОСТОЯНИЯ ОБУЧАЮЩИХСЯ И ГРАДАЦИИ КОНТРОЛЬНЫХ ТЕСТОВ _eЖурнальная статья 210 1# _aМосква _cНациональный государственный Университет физической культуры, спорта и здоровья им. П.Ф. Лесгафта _d2023 215 ## _a5 с. 608 ## _aЖурнальная статья _2local 675 ## _aДополнительные тренировки. 796.015.55 _z 700 #1 _aАстафьев _gК А 700 #1 _aСтефанов _gЕ В 700 #1 _aПарамзин _gВ Б 700 #1 _aРазновская _gС В 856 4# _auchzapiski.lesgaft.spb.ru _u